| 000 | 01155cam a2200277 a 4500 | ||
|---|---|---|---|
| 001 | 000013914 | ||
| 005 | 20200929163410.0 | ||
| 008 | 910425s1989 ve b 001 0 spa | ||
| 020 | _a9802224642 | ||
| 040 |
_aDO-SdBNP _bspa _cDLC _dBNPHU |
||
| 082 |
_a340.946 _bS939r |
||
| 100 | 1 |
_aSuárez, Santiago Gerardo _d1930- _931536 |
|
| 245 | 1 | 4 |
_aLas reales audiencias indianas : _bfuentes y bibliografía / _cSantiago-Gerardo Suárez. |
| 260 |
_aCaracas, Venezuela : _bAcademia Nacional de la Historia, _c1989. |
||
| 300 |
_a516 p. ; _c23 cm. |
||
| 490 | 1 |
_aBiblioteca de la Academia Nacional de la Historia _v200 |
|
| 490 | 1 | _aFuentes para la historia colonial de Venezuela | |
| 504 | _aIncluye referencias bibliográficas | ||
| 504 | _aIncluye Índice | ||
| 650 | 4 |
_aIndigenas _xPersonalidad juridica _xHistoria _xBibliografía _931537 |
|
| 650 | 4 |
_aTribunales de la india _xHistoria _xBibliografía _931538 |
|
| 650 | 4 |
_aDerecho colonial español _931539 |
|
| 830 | 0 |
_aBiblioteca de la Academia Nacional de la Historia ; _pFuentes para la historia colonial de Venezuela _v200 _97602 |
|
| 910 | _aCatalogación por copia / LC | ||
| 999 |
_a1 _n0000028 _c13519 _d13519 |
||
| 049 | _aBNGR | ||